Rizika a šance

Hospodárska situácia v Rusku. Transformácia Ruska. Základné rysy trhovej ekonomiky. Vytváranie mocenských centier. Hlavné rysy ekonomiky fyzických osôb. Potenciálne riziká pre zahraničných investorov. Rozpočet a makroekonomické riziká. Mimoekonomické riziká.

Gespeichert in:
Bibliographische Detailangaben
1. Verfasser: Remčukov, K.
Format: Buchkapitel
Sprache:Tschechisch
Schlagworte:
Tags: Tag hinzufügen
Keine Tags, Fügen Sie das erste Tag hinzu!

MARC

LEADER 00000naa a2200000 4500
001 r026031
005 20230920093645.6
041 0 |a cze 
044 |a CZ 
245 1 0 |a Rizika a šance  |c K. Remčukov 
520 |a Hospodárska situácia v Rusku. Transformácia Ruska. Základné rysy trhovej ekonomiky. Vytváranie mocenských centier. Hlavné rysy ekonomiky fyzických osôb. Potenciálne riziká pre zahraničných investorov. Rozpočet a makroekonomické riziká. Mimoekonomické riziká. 
610 2 0 |a situácia hospodárska 
610 2 0 |a Rusko 
610 2 0 |a transformácia 
610 2 0 |a investície zahraničné 
610 2 0 |a rozpočet štátny 
610 2 0 |a riziko 
100 1 |a Remčukov, K.